Selected letters of Beethoven
Tallennettuna:
| Päätekijä: | |
|---|---|
| Aineistotyyppi: | Kirja |
| Kieli: | englanti |
| Julkaistu: |
Londres
MacMillan
1967
|
| Sarja: | Papermac, P174
|
| Aiheet: | |
| Tagit: |
Lisää tagi
Ei tageja, Lisää ensimmäinen tagi!
|
MARC
| LEADER | 00000nam a2200000 a 4500 | ||
|---|---|---|---|
| 001 | UCW2539 | ||
| 003 | CL-VaPUC | ||
| 005 | 20240628151637.0 | ||
| 008 | 920827e19670000UK |||||||||||||||||eng|d | ||
| 999 | |c 217078 |d 217076 | ||
| 040 | |c Pontificia Universidad Católica de Valparaíso | ||
| 082 | 0 | 4 | |a 780.0836 TYS 1967 |2 21 |
| 100 | 0 | |a Tyson, Alan |e author |9 306761 | |
| 245 | 1 | 0 | |a Selected letters of Beethoven |
| 260 | |a Londres |b MacMillan |c 1967 | ||
| 300 | |a 280 p | ||
| 490 | 0 | |a Papermac, P174 | |
| 583 | |a last modification |c 19920827 00:00:00 |k Rodrigo Vera | ||
| 600 | 0 | |a Beethoven, Ludwig van |d 1770-1827 |e compositor |9 306286 | |
| 650 | 0 | |a Correspondencia |9 258963 | |
| 650 | 0 | |a Músicos alemanes |9 306627 | |
| 942 | |c BK |2 ddc | ||
| 945 | |d 19920827 00:00:00 | ||
| 952 | |0 0 |1 0 |4 0 |6 780_083600000000000_TYS_1967 |7 0 |8 A |9 203575 |a BIBEDU |b BIBEDU |d 2019-11-15 |i 2708094 |o 780.0836 TYS 1967 |p 2708094 |r 2023-01-12 |w 2019-11-15 |y BK |k MUS | ||